|
|
|
|
| LEADER |
00000nam a2200000 a 4500 |
| 001 |
vtls001310954 |
| 003 |
SK-MaSNL |
| 005 |
20260511100546.0 |
| 008 |
240314sm y0 xo r 0 slo |
| 035 |
|
|
|a SNK000263316
|
| 040 |
|
|
|a SNK
|b slo
|c SNK
|e AACR2
|
| 041 |
0 |
|
|a slo
|
| 044 |
|
|
|a xo
|c SK
|
| 072 |
|
7 |
|a 004.9
|x Špeciálne počítačové metódy. Počítačová grafika
|2 konspekt
|
| 072 |
|
7 |
|a 81
|x Lingvistika. Jazyky
|2 konspekt
|
| 080 |
|
|
|a 004.912
|2 1981
|
| 080 |
|
|
|a 81`42
|2 1981
|
| 080 |
|
|
|a 025.43
|2 1981
|
| 080 |
|
|
|a (043)
|2 1981
|
| 100 |
1 |
|
|a Stojkovičová, Nataša
|4 aut
|9 632384
|
| 245 |
1 |
0 |
|a Možnosti automatizovaného spracovania úplných textov za pomoci špeciálneho slovníka (experiment Mozaika)
|b diplomová práca
|c diplomant: Nataša Stojkovičová ; školiteľ: Soňa Makulová
|
| 260 |
|
|
|a Bratislava
|b Filozofická fakulta Univerzity Komenského
|c 1985
|
| 300 |
|
|
|a 82 s., [12] s. príl.
|c 30 cm
|
| 650 |
0 |
7 |
|a texty
|2 SNKPH
|9 29593
|
| 650 |
0 |
7 |
|a indexovanie
|2 SNKPH
|9 64042
|
| 650 |
0 |
7 |
|a slovníky
|2 SNKPH
|9 75778
|
| 650 |
0 |
7 |
|a počítačové spracovanie textu
|2 SNKPH
|9 487542
|
| 655 |
|
7 |
|a diplomové práce
|2 SNKPH
|9 70156
|
| 700 |
1 |
|
|a Makulová, Soňa,
|d 1950-
|4 ini
|9 201746
|
| 999 |
|
|
|c 974429
|d 976359
|
| 952 |
|
|
|t P60, <03>, [BOOK], {603}
|a SNK
|b SNK
|y PREZ
|7 0
|p 17A0096817
|o snkDIP 41
|i snkF 310/2002
|0 0
|1 0
|4 0
|d 2002-04-15
|l 0
|r 2005-01-02 00:00:00
|w 2026-02-24
|